Alice in Chains ~ Would? - Statistics

General Stats
  • This quiz has been taken 382 times
    49 since last reset
  • The average score is 106 of 142
Answer Stats
Answer % Correct
I
97%
a
94%
my
94%
the
94%
me
91%
So
91%
to
91%
again
88%
flood
88%
it
88%
made
88%
mistake
88%
Would?
88%
would
88%
big
85%
by
85%
master
85%
Same
85%
same
85%
then
85%
was
85%
you
85%
back
82%
broken
82%
old
82%
on
82%
see
82%
way
82%
Into
79%
Try
79%
If
76%
once
76%
trip
76%
could
73%
love
70%
Know
67%
get
61%
here
61%
Teach
61%
child
58%
Am
55%
And
55%
far
55%
not
55%
alone
52%
gone
52%
Have
52%
hereafter
52%
home
52%
wrong
52%
left
48%
sole
48%
too
48%
notion
45%
of
45%
body
42%
it's
42%
quite
42%
Drifting
39%
yet
39%
desertion
36%
run
36%
thee
36%
Yeah!
36%
Flying
30%
No matching quizzes found
Score Distribution
Percent of People with Each Score
Percentile by Number Answered
Your Score History
You have not taken this quiz since the last reset